LEADER 00859nam a2200193 i 4500 001 000000057783 003 CaOOAMICUS 005 19971020000000.0 008 971020n xx u000 u fre u 013 $a28955 040 $aSeMil$bita 100 1 $aBoudens, Robrecht .$0(OLS)http://semarc/name/29441 245 10$aMgr Ch. -J. E. De Mazenod (Evéque de Marseille 1837-1861) et la Politique. 650 4$aMarsiglia (Diocesi).$0(OLS)http://semarc/subject/11632 650 4$aEugène : de Mazenod .$0(OLS)http://semarc/subject/2525 650 4$aTesi di laurea.$0(OLS)http://semarc/subject/1690 850 $aSeMil 852 $aSeMil$W1$xVenegono$y1$m2I V 484$j23937$B23937$CSeMilBibl$Z2$F23939 $81 996 $6245$aMgr Ch. -J. E. De Mazenod (Evéque de Marseille 1837-1861) et la Politique$9(OLS)http://semarc/title/89964 LEADER 01408nam a2200241 i 4500 001 000000116515 003 CaOOAMICUS 005 20160713000000.0 008 160713s1972 it u000 u ita u 013 $a89204 040 $aSeMil$bita 245 10$aPreghiera, liturgia, Lectio divina :$bcorso monastico benedettino per l'aggiornamento liturgico, esteso per iniziativa dell'U.M.I.L. a tutti i Monasteri e Congregazioni Benedettine Femminili d'Italia : 14-19 settembre 1970 /$cdirettore e pelatore: padre Mariano Magrassi. 260 $a[S.l. :$bs.n.],$cstampa 1972$e(Faenza :$fUnione Tipografica Artigiana,$gstampa 1972) 300 $a126 p. ;$c21 cm. 490 0 $aCollana di «Humilitas» 650 4$aBenedettini - Spiritualità.$0(OLS)http://semarc/subject/21486 700 1 $aMagrassi, Mariano,$d<1930-2004>.$0(OLS)http://semarc/name/10244 830 0$aCollana di Humilitas.$0(OLS)http://semarc/title/45013 850 $aSeMil 852 $aSeMil$W1$xVenegono$y1$m3K III 546$j71953$B71953$CSeMilBibl$Z2$F75854 $81 961 $aLascito: Orsenigo don Elia 996 $6245$aPreghiera, liturgia, Lectio divina :$bcorso monastico benedettino per l'aggiornamento liturgico, esteso per iniziativa dell'U.M.I.L. a tutti i Monasteri e Congregazioni Benedettine Femminili d'Italia : 14-19 settembre 1970$9(OLS)http://semarc/title/170885 996 $6260$a[S.l. :$bs.n.]$9(OLS)http://semarc/publisher/29751